Partition's legacies / (Record no. 165783)

MARC details
000 -LEADER
fixed length control field 00544nam a22001937a 4500
005 - DATE AND TIME OF LATEST TRANSACTION
control field 20190629162830.0
010 ## - LCCN (DPL NO)
LC control number ENG-125836
020 ## - INTERNATIONAL STANDARD BOOK NUMBER
International Standard Book Number 9788178245393
Terms of availability 1195.00
035 ## - SYSTEM CONTROL NUMBER
System control number EN-109368
037 ## - SOURCE OF ACQUISITION
Source of stock number/acquisition DBAD/PUB
082 ## - DEWEY DECIMAL CLASSIFICATION NUMBER
Classification number 808.8
100 ## - MAIN ENTRY--PERSONAL NAME
Personal name Chatterji, Joya
245 ## - TITLE STATEMENT
Title Partition's legacies /
Statement of responsibility, etc by Joya Chatterji
260 ## - PUBLICATION, DISTRIBUTION, ETC. (IMPRINT)
Place of publication, distribution, etc Ranikhet
Name of publisher, distributor, etc Permanent Black
Date of publication, distribution, etc 2019
270 ## - ADDRESS
Address Himalayana, Mall Road
City Ranikhet
Postal code 263645
300 ## - PHYSICAL DESCRIPTION
Extent xxi,550p.
Dimensions 22cm(Hb)
500 ## - GENERAL NOTE
General note Includes index
942 ## - ADDED ENTRY ELEMENTS (KOHA)
Source of classification or shelving scheme Dewey Decimal Classification
Item type English Books
Classification part 808.8
Call number suffix CHA
Holdings
Withdrawn status Lost status Not for loan Collection code Home library Current library Date acquired Source of acquisition Cost, normal purchase price Full call number Barcode Copy number Cost, replacement price Koha item type
      Non-fiction Bawana Bawana 29/06/2019 DBAD/PUB 1195.00 808.8 CHA EN-109368 1 1195.00 English Books

© Delhi Public Library
Hit Counter
free hit counter